00544nam a2200157 i 450000100060000000300090000600500170001500700030003200800410003524501800007625000150025626000390027130000220031070000220033285200320035455660ES-MaACL20230906163205.0t|030924s1967 sp ||||1| cat d00aDesti del món b: vocació de l'home ; text integre de la Constitució Pastoral sobre l'Esglesia en el món d'avui / ccomentaris i notes de Casimir Martí ... [et al.]. a[1ª ed.]. aBarcelona : bNova Terra, c[1967] a305 p. ; c19 cm.1 aMartí, Casimir. aES-MaACLjC-32642 bR.63002